Сила образного слова. Крылатые слова, пословицы и поговорки в выступлениях В. И. Ленина

Библиографические подробности
Главный автор: Жигулев А. М. Александр Макарович
Язык:русский
Опубликовано: Москва, Знание, 1979
Предметы:
Формат: Книга
Запись в KOHA:https://koha.lib.tpu.ru/cgi-bin/koha/opac-detail.pl?biblionumber=313775

MARC

LEADER 00000nam0a2200000 4500
001 313775
005 20231102002619.0
035 |a (RuTPU)RU\TPU\book\339161 
090 |a 313775 
100 |a 20160203d1979 m y0rusy50 ca 
101 0 |a rus 
102 |a RU 
105 |a y z 001zy 
200 1 |a Сила образного слова. Крылатые слова, пословицы и поговорки в выступлениях В. И. Ленина  |f А. М. Жигулев 
210 |a Москва  |c Знание  |d 1979 
215 |a 93 с. 
320 |a Библиогр.: с. 94 
320 |a Библиография в ссылках. 
606 1 |a Ленин В. И.  |x Жизнь и деятельность  |x Деловой стиль  |x Концепции  |x Философские взгляды  |2 stltpush  |3 (RuTPU)RU\TPU\subj\75568  |9 87284 
610 1 |a ораторское искусство 
610 1 |a речи 
610 1 |a выступления 
610 1 |a пословицы 
610 1 |a поговорки 
610 1 |a крылатые слова 
610 1 |a красноречие 
686 |a Т3(2)6-8-Ленин352  |v LBC/SL-A  |2 rubbk 
700 1 |a Жигулев  |b А. М.  |g Александр Макарович 
801 1 |a RU  |b 63413507  |c 20160203 
801 2 |a RU  |b 63413507  |c 20200115  |g RCR 
942 |c BK